India after Gandhi: the history of the world's largest democracy / (Record no. 158224)

MARC details
000 -LEADER
fixed length control field 00986nam a22002295a 4500
005 - DATE AND TIME OF LATEST TRANSACTION
control field 20190715120106.0
010 ## - LCCN (DPL NO)
LC control number B-710591 B-728363
020 ## - INTERNATIONAL STANDARD BOOK NUMBER
International Standard Book Number 9789382616979
Terms of availability 799.00
035 ## - SYSTEM CONTROL NUMBER
System control number B-710591
035 ## - SYSTEM CONTROL NUMBER
System control number B-728363
037 ## - SOURCE OF ACQUISITION
Stock number dpl
Source of stock number/acquisition RK Books
082 ## - DEWEY DECIMAL CLASSIFICATION NUMBER
Classification number 954.04
100 ## - MAIN ENTRY--PERSONAL NAME
Personal name Guha, Ramachandra
245 ## - TITLE STATEMENT
Title India after Gandhi: the history of the world's largest democracy /
Statement of responsibility, etc by Ramachandra Guha
260 ## - PUBLICATION, DISTRIBUTION, ETC. (IMPRINT)
Place of publication, distribution, etc New Delhi
Name of publisher, distributor, etc Picador India
Date of publication, distribution, etc 2017
270 ## - ADDRESS
Address 707, Kailash Building, 26, K.G. Marg
City New Delhi
Postal code 110001
300 ## - PHYSICAL DESCRIPTION
Extent xxxiv, 919p.:
Dimensions 23cm(pbk)
Other physical details ill.
500 ## - GENERAL NOTE
General note includes index
942 ## - ADDED ENTRY ELEMENTS (KOHA)
Source of classification or shelving scheme Dewey Decimal Classification
Item type English Books
Classification part 954.04
Call number suffix GUH
Holdings
Withdrawn status Lost status Not for loan Collection code Home library Current library Date acquired Source of acquisition Cost, normal purchase price Full call number Barcode Copy number Cost, replacement price Koha item type
      Non-fiction Central Library Central Library 03/06/2019 RK Books/IN393/2019-20/24-05-19/05/20-05-19/28-05-19 799.00 954.04 GUH B-728363 1 799.00 English Books
      Non-fiction Patel Nagar Patel Nagar 22/10/2018 RK Books/IN1915/18-19/13-10-18/532/04-10-18/15-10-18 799.00 954.04 GUH B-710591 1 799.00 English Books

© Delhi Public Library
Hit Counter
free hit counter